banner-ar

شارع المعز لدين الله : (Record no. 66951)

MARC details
000 -الفاتح
حقل البيانات ثابتة الطول 01081nam a22002657a 4500
005 - وقت وتاريخ اخر تعامل مع التسجيلة
رقم الضبط 20240530110948.0
008 - عناصر البيانات ثابتة الطول - معلومات عامة
حقل البيانات ثابتة الطول 221019s2021 ua bh f b 000 0 ara d
017 ## - رقم الايداع القانونى
رقم الايداع القانونى 2021/26105
المصدر ( الهيئة المختصة) مصر. دار الكتب
020 ## - الرقم الدولى المعيارى للكتب
الرقم الدولى المعيارى للكتاب 978977344485
040 ## - مصدر الفهرسة
وكالة الفهرسة الأصلية EG-CaGPL
وكالة النسخ EG-CaGPL
082 04 - رقم تصنيف ديوى العشرى
رقم الطبعة 21
رقم التصنيف 916.216
رقم المادة ق/م ش
100 0# - المدخل الرئيسى - إسم شخصى
الإسم الشخصى محمد الششتاوى
245 10 - بيان العنوان
العنوان شارع المعز لدين الله :
بقية العنوان الشارع الاعظم للقاهرة القديمة : سيرتة اسواقة اثارة /
بيان المسئوليه,etc تاليف محمد الششتاوى
250 ## - بيان الطبعة
بيان الطبعة الاولى
260 ## - PUBLICATION, DISTRIBUTION, ETC. (IMPRINT)
تاريخ النشر أو التوزيع 2021.
300 ## - الوصف المادى
التعداد 2 مج. :
تفاصيل ماديه اخرى للوعاء ايض ؛
أبعاد الوعاء 24 سم.
504 ## - تبصرة ببليوجرافية
تبصرة ببليوجرافية,الخ يشتمل على ارجاعات ببليوجرافية
650 07 - المدخل الاضافى بالموضوع-مصطلح موضوعى
مصدر الرأس أو المصطلح qrmak
مصطلح موضوعي الطرق
650 07 - المدخل الاضافى بالموضوع-مصطلح موضوعى
مصدر الرأس أو المصطلح qrmak
مصطلح موضوعي الشوارع
التقسيم الفرعي العام تخطيط
651 07 - المدخل الاضافى بالموضوع - اسم جغرافى
مصدر الرأس أو المصطلح qrmak
الاسم الجغرافي القاهرة
التقسيم الفرعي العام وصف ورحلات
651 07 - المدخل الاضافى بالموضوع - اسم جغرافى
مصدر الرأس أو المصطلح qrmak
الاسم الجغرافي القاهرة
التقسيم الفرعي العام الشوارع
653 0# - مصطلح تكشيفى غير مقيد
مصطلح غير مقيد شارع المعز لدين الله
942 ## - عناصر المدخل الإضافي( كوها)
مصدر التصنيف او مخطط الترفيف Dewey Decimal Classification
Koha [default] item type كتاب
260 ## - PUBLICATION, DISTRIBUTION, ETC. (IMPRINT)
-- القاهرة :
-- دار الافاق العربية،
Holdings
حالة التراجع حالة الفقد حالة تلف ليس للاعارة المكان المؤقت الموقع الحالى موقع الترفيف تاريخ الاكتساب اجمالي اﻻعارات رقم الطلب الباركود تاريخ اخر مشاهدة تاريخ تفعيل السعر نوع وعاء كوها
        مكتبة القاهرة الكبرى مكتبة القاهرة الكبرى   12/07/2022   916.216 ق/م ش 168958 12/07/2022 12/07/2022 كتاب
        مكتبة القاهرة الكبرى مكتبة القاهرة الكبرى   12/07/2022   916.216 ق/م ش 168959 12/07/2022 12/07/2022 كتاب

Powered By

EGPV